000 00351nam a2200133Ia 4500
008 210430s9999 xx 000 0 und d
020 _a0-618-37206-7
082 _a540 Z948 C
100 _aSteven S. Zumdahl
_954237
245 _aChemical Principles 5th
_cSteven S. Zumdahl
260 _aBoston
_bHoughton
_c2005
300 _aA94P
942 _cBK
_2ddc
999 _c564725
_d564725